Library of the University of Algiers 3
Ibrahim Sultan Cheibout
شعار جامعة الجزائر 3
مكتبة جامعة الجزائر 3
إبراهيم سلطان شيبوط

فقه المعاملات المالية في الاسلام / (رقم التسجيلة. 46115)

تفاصيل مارك
000 -LEADER
fixed length control field 01138nam a2200217Ia 4500
003 - CONTROL NUMBER IDENTIFIER
control field Ost
005 - DATE AND TIME OF LATEST TRANSACTION
control field 20260507075738.0
008 - FIXED-LENGTH DATA ELEMENTS--GENERAL INFORMATION
fixed length control field 260507s9999||||xx |||||||||||||| ||und||
020 ## - INTERNATIONAL STANDARD BOOK NUMBER
International Standard Book Number 9773420787
040 ## - CATALOGING SOURCE
Transcribing agency fsecg
041 ## - LANGUAGE CODE
Language code of text/sound track or separate title ara
082 ## - DEWEY DECIMAL CLASSIFICATION NUMBER
Classification number 330.121
100 ## - MAIN ENTRY--PERSONAL NAME
Personal name حسن، أيوب
Relator term مؤلف
245 #0 - TITLE STATEMENT
Title فقه المعاملات المالية في الاسلام /
Statement of responsibility, etc. أيوب حسن
260 ## - PUBLICATION, DISTRIBUTION, ETC.
Place of publication, distribution, etc. القاهرة:
Name of publisher, distributor, etc. دار السلام,
Date of publication, distribution, etc. 2003
300 ## - PHYSICAL DESCRIPTION
Extent 493 صفحة؛
Other physical details إيضاحات ؛
Dimensions 25 سم
520 ## - SUMMARY, ETC.
Summary, etc. كتاب البيوع،باب القروض،السلع،باب الرهن،باب الشركة،باب الاجارة،باب الهبة والهدية،باب الوقف،باب الوصايا،باب الصلح،باب اللقطةوالضالة،باب اللقيط،باب الغضب،باب التفليس والحجر،باب الإقرار،باب الشفعة،باب الوكالة،باب إحياء المواقف والإقطاع،باب الحوالة،باب الضمان(الكفالة)
653 ## - INDEX TERM--UNCONTROLLED
Uncontrolled term الاقتصاد الاسلامي
653 ## - INDEX TERM--UNCONTROLLED
Uncontrolled term المعاملات
942 ## - ADDED ENTRY ELEMENTS (KOHA)
Koha item type كتب
المقتنيات
Withdrawn status Lost status Source of classification or shelving scheme Damaged status Not for loan Home library Current library Date acquired Serial enumeration / chronology Inventory number Total checkouts Full call number Barcode Date last seen Price effective from Koha item type
    Library of Congress Classification   NOT LOAN / إعارة داخلية مكتبة كلية العلوم الإقتصادية والعلوم التجارية وعلوم التسيير مكتبة كلية العلوم الإقتصادية والعلوم التجارية وعلوم التسيير 07/05/2026 الطابق الأرضي 1269/1   أ/1269ن1 1269/1 07/05/2026 07/05/2026 كتب

موارد الويب المفتوحة


© University of Algiers 3 All Rights Reserved
|
Implemented by LECHELAH Riad